<?xml version="1.0" encoding="UTF-8"?>
<record
    xmlns:xsi="http://www.w3.org/2001/XMLSchema-instance"
    xsi:schemaLocation="http://www.loc.gov/MARC21/slim http://www.loc.gov/standards/marcxml/schema/MARC21slim.xsd"
    xmlns="http://www.loc.gov/MARC21/slim">

  <leader>01316nam a2200217Ia 4500</leader>
  <controlfield tag="008">220820s9999    xx            000 0 und d</controlfield>
  <datafield tag="020" ind1=" " ind2=" ">
    <subfield code="a">9787560854472 7560854478</subfield>
  </datafield>
  <datafield tag="041" ind1=" " ind2=" ">
    <subfield code="a">chi</subfield>
    <subfield code="h">eng</subfield>
  </datafield>
  <datafield tag="050" ind1=" " ind2=" ">
    <subfield code="a">BS1205.5 </subfield>
    <subfield code="b">.H6812 2014 &#xA0;</subfield>
  </datafield>
  <datafield tag="100" ind1=" " ind2=" ">
    <subfield code="a">Longman, Tremper </subfield>
  </datafield>
  <datafield tag="245" ind1=" " ind2="0">
    <subfield code="a">&#x820A;&#x7D04;&#x5C0E;&#x8AD6;</subfield>
    <subfield code="b">/</subfield>
    <subfield code="c">&#x7279;&#x502B;&#x4F69;&#x723E;&#xB7;&#x6717;&#x6587; (Tremper Longman), &#x96F7;&#x8499;&#x5FB7;&#xB7;B&#xB7;&#x72C4;&#x62C9;&#x5FB7; (Raymond B. Dillard) &#x8457;; &#x77F3;&#x677E;, &#x8096;&#x8ECD;&#x971E;, &#x4E8E;&#x6D0B;&#x8B6F;</subfield>
  </datafield>
  <datafield tag="246" ind1=" " ind2=" ">
    <subfield code="a">&#x65E7;&#x7EA6;&#x5BFC;&#x8BBA;</subfield>
  </datafield>
  <datafield tag="260" ind1=" " ind2=" ">
    <subfield code="a">&#x4E0A;&#x6D77; : </subfield>
    <subfield code="b">&#x540C;&#x6FDF;&#x5927;&#x5B78;&#x51FA;&#x7248;&#x793E;,</subfield>
    <subfield code="c">2014</subfield>
  </datafield>
  <datafield tag="300" ind1=" " ind2=" ">
    <subfield code="a">528 p.: </subfield>
    <subfield code="b">ill. ; </subfield>
    <subfield code="c">24 cm.</subfield>
  </datafield>
  <datafield tag="500" ind1=" " ind2=" ">
    <subfield code="a">Translation of : Introduction to the Old Testament.</subfield>
  </datafield>
  <datafield tag="505" ind1=" " ind2=" ">
    <subfield code="a">PREFACE ABBREVIATIONS 1. Introduction 2. Genesis 3. Exodus 4. Leviticus 5. Numbers 6. Deuteronomy 7. Joshua 8. Judges 9. Ruth 10. Samuel 11. Kings 12. Chronicles 13. Ezra-Nehemiah 14. Esther 15. Job 16. Psalms 17. Proverbs 18. Ecclesiastes 19. Song of Songs 20. Isaiah 21. Jeremiah 22. Lamentations 23. Ezekiel 24. Daniel 25. Hosea 26. Joel 27. Amos 28. Obadiah 29. Jonah 30. Micah 31. Nahum 32. Habakkuk 33. Zephaniah 34. Hagga i 35. Zechariah 36. Malachi Scripture INDEX: -- Name Index -- Subject Index.</subfield>
  </datafield>
  <datafield tag="650" ind1=" " ind2=" ">
    <subfield code="a">Bible. -- Old Testament -- Introductions. Bible. -- Old Testament.</subfield>
  </datafield>
  <datafield tag="700" ind1=" " ind2=" ">
    <subfield code="a">Dillard,&#xA0;Raymond B.  </subfield>
  </datafield>
  <datafield tag="700" ind1=" " ind2=" ">
    <subfield code="a">&#x7279;&#x502B;&#x4F69;&#x723E; &#x6717;&#x6587;&#x77F3;&#x677E;&#x8096;&#x8ECD;&#x971E;&#x4E8E;&#x6D0B;</subfield>
  </datafield>
  <datafield tag="952" ind1=" " ind2=" ">
    <subfield code="0">0</subfield>
    <subfield code="1">0</subfield>
    <subfield code="4">0</subfield>
    <subfield code="7">0</subfield>
    <subfield code="a">GETS</subfield>
    <subfield code="b">GETS</subfield>
    <subfield code="c"> GEN</subfield>
    <subfield code="d">2022-08-20</subfield>
    <subfield code="l">0</subfield>
    <subfield code="o">BS1205.5 .H6812 2014 &#xA0;</subfield>
    <subfield code="p">00028970</subfield>
    <subfield code="r">2022-08-20 00:00:00</subfield>
    <subfield code="w">2022-08-20</subfield>
    <subfield code="y">CB</subfield>
  </datafield>
  <datafield tag="999" ind1=" " ind2=" ">
    <subfield code="c">40864</subfield>
    <subfield code="d">40864</subfield>
  </datafield>
</record>
